[Event "Styrian op U08/12 28th"]
[Site "Mureck"]
[Date "2022.08.11"]
[Round "9"]
[White "Schnepf, Maximilian"]
[Black "Hausberger, Christoph"]
[Result "1/2-1/2"]
[WhiteElo "1070"]
[BlackElo "800"]
[PlyCount "145"]
[EventDate "2022.08.03"]
[EventType "swiss"]
[EventRounds "9"]
[EventCountry "AUT"]
[SourceTitle "EXT 2023"]
[Source "ChessBase"]
[SourceDate "2022.10.05"]
[SourceVersion "1"]
[SourceVersionDate "2022.10.05"]
[SourceQuality "1"]

1. d4 d5 2. Bf4 Nc6 3. Nf3 Bf5 4. c3 Nf6 5. e3 e6 6. Bd3 Bxd3 7. Qxd3 Ne4 8. Nbd2 Nxd2 9. Qxd2 Bd6 10. Bg3 Qf6 11. Qd3 g6 12. e4 dxe4 13. Qxe4 0-0 14. Ne5 Qe7 15. Bh4 f6 16. g4 g5 17. Nxc6 bxc6 18. Bg3 Rad8 19. 0-0-0 f5 20. gxf5 Rxf5 21. Bxd6 cxd6 22. Qxc6 g4 23. Qg2 Qg5+ 24. Kb1 h5 25. Rhg1 Qg6 26. Ka1 Rb8 27. Rdf1 e5 28. h3 Rg5 29. f3 exd4 30. cxd4 d5 31. Qe2 Re8 32. Qf2 g3 33. Qd2 h4 34. f4 Rf5 35. Rf2 Kh7 36. Rfg2 Re4 37. Rf1 a5 38. Qxa5 Rfxf4 39. Rxf4 Rxf4 40. Qc7+ Qf7 41. Qxf7+ Rxf7 42. Rg1 g2 43. a4 Ra7 44. Rxg2 Rxa4+ 45. Kb1 Rxd4 46. Rg5 Kh6 47. Re5 Kg6 48. Kc2 Kf6 49. Rh5 Ke6 50. Kc3 Rf4 51. Kd3 d4 52. Rc5 Rf3+ 53. Kxd4 Rxh3 54. Rh5 Kd6 55. Rh6+ Kc7 56. Kd5 Rh2 57. b4 Rb2 58. Rxh4 Rd2+ 59. Rd4 Rxd4+ 60. Kxd4 Kb6 61. Kc3 Kb5 62. Kb3 Kb6 63. Kc3 Kb5 64. Kb3 Kb6 65. Kc4 Kc6 66. b5+ Kb6 67. Kb4 Kb7 68. Kc5 Kc7 69. b6+ Kb7 70. Kb5 Kb8 71. Kc6 Kc8 72. b7+ Kb8 73. Kb6 1/2-1/2

[Event "AUT-ch U08"]
[Site "St Kanzian"]
[Date "2019.06.22"]
[Round "5"]
[White "Pavlov, Julian"]
[Black "Hausberger, Christoph"]
[Result "1-0"]
[WhiteElo "960"]
[BlackElo "951"]
[PlyCount "61"]
[EventDate "2019.06.21"]
[EventType "swiss"]
[EventRounds "7"]
[EventCountry "AUT"]
[SourceTitle "CBM 191 Extra"]
[Source "ChessBase"]
[SourceDate "2019.09.30"]
[SourceVersion "1"]
[SourceVersionDate "2019.09.30"]
[SourceQuality "1"]

1. e4 e5 2. Nf3 Nc6 3. Bc4 Bc5 4. Nc3 Nf6 5. 0-0 0-0 6. d3 Ng4 7. h3 Nxf2 8. Rxf2 Bxf2+ 9. Kxf2 d6 10. Be3 Bd7 11. Kg1 Nb4 12. a3 Nc6 13. Qe1 Nd4 14. Bxd4 exd4 15. Nxd4 Qe7 16. Nf3 Bc6 17. Bd5 Bxd5 18. Nxd5 Qe6 19. Nxc7 Qc8 20. Nxa8 Qxa8 21. Qe3 Re8 22. Rf1 d5 23. e5 Re6 24. d4 Rg6 25. Qb3 b6 26. Nh4 Rg5 27. Nf5 g6 28. Ne7+ Kf8 29. Nxd5 a5 30. Ne3 b5 31. Qxf7# 1-0

[Event "AUT-ch U08"]
[Site "St Kanzian"]
[Date "2019.06.21"]
[Round "2"]
[White "Hausberger, Christoph"]
[Black "Karaagac, Deniz"]
[Result "0-1"]
[WhiteElo "951"]
[BlackElo "849"]
[PlyCount "22"]
[EventDate "2019.06.21"]
[EventType "swiss"]
[EventRounds "7"]
[EventCountry "AUT"]
[SourceTitle "CBM 191 Extra"]
[Source "ChessBase"]
[SourceDate "2019.09.30"]
[SourceVersion "1"]
[SourceVersionDate "2019.09.30"]
[SourceQuality "1"]

1. e4 e5 2. Nf3 Nc6 3. Bc4 Nf6 4. Nc3 Bc5 5. d3 Ng4 6. 0-0 Nd4 7. Nxd4 exd4 8. Nd5 d6 9. Bd2 c6 10. Qc1 cxd5 11. Bg5 f6 0-1